| 000 | 00964nam a2200253Ia 4500 | ||
|---|---|---|---|
| 003 | GCL | ||
| 008 | 140319s9999 xx 000 0 ara d | ||
| 040 |
_aGCL / _cGCL |
||
| 082 | 0 | 4 |
_a811.1 _bح د |
| 100 | 1 | _aزهير عبدالله احمد الخطيب(مترجم | |
| 245 | 1 | 0 |
_aديوان حاتم الطائى / _cزهير عبدالله احمد الخطيب(مترجم |
| 700 | 1 | _aمحمد حمود | |
| 700 | 1 | _aحاتم الطائى، حاتم بن عبدالله بن سعد، -575 م | |
| 250 | _aالاولى | ||
| 260 |
_aبيروت : _bدار الفكر اللبنانى |
||
| 300 |
_a119 ص ؛ _c24 سم |
||
| 490 |
_aدواوين العرب _v0 |
||
| 650 | 0 | 4 | _aالشعر العربى |
| 650 | 0 | 4 | _aالشعراء العرب |
| 650 | 0 | 4 | _aحاتم الطائى |
| 650 | 0 | 4 | _aالشعر العربى - دواوين وقصائد |
| 650 | 0 | 4 | _aالشعر العربى - تاريخ ونقد - العصر الجاهلى |
| 942 |
_2ddc _cBK |
||
| 999 |
_c4807 _d4807 |
||